[Event "Summer Prague Open 2025 - A"]
[Site "Olympik hotel, Sokolovska 138, Praha"]
[Date "2025.08.08"]
[Round "1"]
[Board "26"]
[White "Flasik, Radoslav"]
[Black "Mok, Erwin Jun-Han"]
[Result "1-0"]
[WhiteElo "2143"]
[BlackElo "1886"]
[PlyCount "0"]
[EventDate "2025.08.08"]
[EventRounds "9"]
[EventCountry "CZE"]

1. d4 d5 2. c4 e6 3. Nf3 Nf6 4. g3 Bb4+ 5. Bd2 a5 6. Bg2 O-O 7. Qc2 c5 8. dxc5 Bxc5
9. cxd5 Qb6 10. O-O exd5 11. Nc3 Bd7 12. Ng5 Bc6 13. Bxd5 h6 14. Bxc6 Qxc6 15. Nge4
Nbd7 16. Nxc5 Qxc5 17. Be3 Qh5 18. f3 Ne5 19. Kg2 Rac8 20. Rad1 Nc4 21. Bg1 b5 22.
Qb3 b4 23. Na4 Nh7 24. Rd4 Qb5 25. Nc3 Qa6 26. Nd5 Rfe8 27. Qd3 Nf6 28. Nxf6+ gxf6
29. b3 Qe6 30. Rxc4  1-0

[Event "Summer Prague Open 2025 - A"]
[Site "Olympik hotel, Sokolovska 138, Praha"]
[Date "2025.08.08"]
[Round "1"]
[Board "27"]
[White "Kopecky, Jiri"]
[Black "Koridze, Lile"]
[Result "0-1"]
[WhiteElo "1874"]
[BlackElo "2110"]
[PlyCount "0"]
[EventDate "2025.08.08"]
[EventRounds "9"]
[EventCountry "CZE"]

1. e4 c5 2. c3 Nf6 3. e5 Nd5 4. d4 cxd4 5. cxd4 e6 6. Nf3 d6 7. Nc3 Nb6 8. Bd3 Nc6
9. exd6 Bxd6 10. O-O O-O 11. a3 Be7 12. Bc2 f5 13. Bb3 Kh8 14. Re1 Bf6 15. Bxe6 Bxe6
16. Rxe6 Nxd4 17. Nxd4 Bxd4 18. Qf3 Rc8 19. Bf4 Nc4 20. Qxb7 Bxf2+ 21. Kxf2 Qd4+
22. Kg3 g5 23. Bxg5 Qg4+ 24. Kf2 Qxg5 25. Ne2 f4 26. Re7 Qh4+ 27. Kg1 f3 28. gxf3
Nd2 29. Rf7 Qh5 30. Rxf8+ Rxf8 31. Nf4 Nxf3+ 32. Kf1 Qg4 33. Kf2 Qxf4 34. Rd1 Qxh2+
35. Ke3 Qf4+ 36. Kd3 Qf5+ 37. Kc3 Rc8+ 38. Kb3 Qe6+ 39. Qd5 Qxd5+ 40. Rxd5 Rc7 41.
a4 Kg7 42. a5 Kf6 43. Ka4 Ne5 44. b4 Ke6 45. Rd1 h5 46. b5 Nc4 47. Rh1 Rh7 48. Kb4
Ne5 49. Kc5 h4 50. Rh3 Kf5 51. b6 axb6+ 52. Kxb6 Nc4+ 53. Kb5 Nxa5 54. Kxa5 Kg4 55.
Rc3 h3 56. Rc4+ Kf3 57. Rc3+ Ke4  0-1

[Event "Summer Prague Open 2025 - A"]
[Site "Olympik hotel, Sokolovska 138, Praha"]
[Date "2025.08.09"]
[Round "2"]
[Board "1"]
[White "Prokofiev, Valentyn"]
[Black "Starcevic, Danijel"]
[Result "1-0"]
[WhiteElo "2426"]
[BlackElo "2047"]
[PlyCount "0"]
[EventDate "2025.08.08"]
[EventRounds "9"]
[EventCountry "CZE"]

1. Nf3 Nf6 2. c4 g6 3. Nc3 Bg7 4. g3 O-O 5. Bg2 d6 6. O-O Nc6 7. d3 e5 8. Rb1 a5
9. a3 Re8 10. Nd2 Be6 11. b4 axb4 12. axb4 d5 13. b5 Nb8 14. Qb3 dxc4 15. Nxc4 Nd5
16. Bg5 f6 17. Nxd5 Bxd5 18. Bd2 Bf8 19. Rfc1 Kg7 20. Bxd5 Qxd5 21. Nb6 Qxb3 22.
Rxc7+ Qf7 23. Rxf7+ Kxf7 24. Nxa8 Nd7 25. Ra1 Bc5 26. Nc7 Rc8 27. Nd5 Bd4 28. Rc1
Rxc1+ 29. Bxc1 Ke6 30. Ne3 Kd6 31. Ba3+ Bc5 32. Nc4+ Kd5 33. Bc1 Bb4 34. Be3 Bc5
35. Bd2 e4 36. Kf1 exd3 37. exd3 Bd4 38. Na5 b6 39. Nc6 Kc5 40. Ke2 Ba1 41. Na7 Bd4
42. Bc1 Kd5 43. Nc6 Ne5 44. Nxd4 Kxd4 45. Be3+ Kc3 46. Bxb6 Nxd3 47. Be3 Ne5 48.
b6 Kc4 49. b7  1-0

[Event "Summer Prague Open 2025 - A"]
[Site "Olympik hotel, Sokolovska 138, Praha"]
[Date "2025.08.09"]
[Round "2"]
[Board "2"]
[White "Mrazek, Adam"]
[Black "Stojanovic, Mihajlo"]
[Result "0-1"]
[WhiteElo "2043"]
[BlackElo "2397"]
[PlyCount "0"]
[EventDate "2025.08.08"]
[EventRounds "9"]
[EventCountry "CZE"]

1. c4 c6 2. g3 d5 3. Nf3 Nd7 4. d4 dxc4 5. Bg2 b5 6. a4 Bb7 7. O-O e6 8. Qc2 a6 9.
Nbd2 c5 10. axb5 axb5 11. Rxa8 Qxa8 12. dxc5 Bxc5 13. b3 Ngf6 14. bxc4 Qa4 15. Qxa4
bxa4 16. Bb2 Ke7 17. Ra1 Ra8 18. Ba3 Bxa3 19. Rxa3 Nc5 20. Ne5 Bxg2 21. Kxg2 Nfd7
22. Nxd7 Kxd7 23. Kf3 Kc6 24. Ke3 e5 25. f4 Re8 26. f5 Rb8 27. h3 Rb2 28. g4 Kb6
29. Nf3 f6 30. Ne1 Ka5 31. Nd3 Rb3 32. Rxb3 Nxb3 33. c5 Kb5 34. c6 Kxc6 35. Nb4+
Kc5 36. Na2 Kc4 37. h4 h6 38. h5 Nc5 39. Kd2 Kb3  0-1

[Event "Summer Prague Open 2025 - A"]
[Site "Olympik hotel, Sokolovska 138, Praha"]
[Date "2025.08.09"]
[Round "2"]
[Board "3"]
[White "Heinrich, John"]
[Black "De La Torre, Igor"]
[Result "1-0"]
[WhiteElo "2351"]
[BlackElo "2038"]
[PlyCount "0"]
[EventDate "2025.08.08"]
[EventRounds "9"]
[EventCountry "CZE"]

1. c4 Nf6 2. g3 g6 3. Bg2 Bg7 4. Nc3 O-O 5. d4 d6 6. h3 c5 7. e3 Nc6 8. Nge2 Bd7
9. O-O Qc8 10. Kh2 Rb8 11. b3 a6 12. a4 b6 13. Ba3 Re8 14. Qd2 Bh6 15. f4 cxd4 16.
exd4 Na5 17. Rab1 b5 18. axb5 axb5 19. Nxb5 Qd8 20. Nec3 Bf5 21. Rb2 Bg7 22. Bb4
Nb7 23. Ra2 h5 24. Bf3 Bc8 25. Ra7 h4 26. g4 Qd7 27. Qg2 d5 28. Nxd5 Nxd5 29. Bxd5
 1-0

[Event "Summer Prague Open 2025 - A"]
[Site "Olympik hotel, Sokolovska 138, Praha"]
[Date "2025.08.09"]
[Round "2"]
[Board "4"]
[White "Glimbrant, Torbjorn"]
[Black "Horak, Martin"]
[Result "0-1"]
[WhiteElo "2039"]
[BlackElo "2348"]
[PlyCount "0"]
[EventDate "2025.08.08"]
[EventRounds "9"]
[EventCountry "CZE"]

1. d4 Nf6 2. Nf3 c5 3. e3 g6 4. c4 cxd4 5. exd4 d5 6. Nc3 Bg7 7. Be2 O-O 8. O-O dxc4
9. Bxc4 Nc6 10. d5 Na5 11. Be2 Bf5 12. Qa4 Nxd5 13. Nxd5 Qxd5 14. Rd1 Qe4 15. Qxe4
Bxe4 16. Bd2 Nc6 17. Bc3 Bxc3 18. bxc3 Rfd8 19. Kf1 Rac8 20. Rxd8+ Rxd8 21. Rd1 Rxd1+
22. Bxd1 Bd5 23. a3 e5 24. g3 Kf8 25. Nd2 Ke7 26. Ke2 f5 27. c4 Be6 28. Kd3 Kd6 29.
Kc3 b6 30. Nb3 g5 31. Be2 g4 32. Bf1 Bd7 33. h3 h5 34. hxg4 hxg4 35. Be2 Nd8 36.
Kb4 Ne6 37. Kc3 Ng5 38. Kd2 Ba4 39. Nc1 Nh3 40. Nd3 Bc6 41. Ke3 Bg2 42. Bd1 Bf1 43.
Bc2 a5 44. Bb1 Bxd3 45. Bxd3 e4 46. Bc2 Ke5 47. Ba4 Ng5 48. Be8 Nf3 49. a4 Ne1 50.
Bd7 Nd3 51. Be8 Nb2 52. Bb5 Nd1+ 53. Ke2 Nc3+ 54. Ke3 Nxb5 55. cxb5 Kd5 56. Kf4 Ke6
57. Kg5 Ke5 58. Kh4 f4 59. Kxg4 f3 60. Kh3 e3 61. fxe3 Ke4 62. Kh2 Kxe3 63. Kg1 Ke2
 0-1

[Event "Summer Prague Open 2025 - A"]
[Site "Olympik hotel, Sokolovska 138, Praha"]
[Date "2025.08.09"]
[Round "2"]
[Board "5"]
[White "Grezels, Florian"]
[Black "Posluszny, Tomasz"]
[Result "1/2-1/2"]
[WhiteElo "2340"]
[BlackElo "2036"]
[PlyCount "0"]
[EventDate "2025.08.08"]
[EventRounds "9"]
[EventCountry "CZE"]

1. e4 c5 2. Nf3 d6 3. Bb5+ Nd7 4. O-O a6 5. Bd3 g6 6. c3 Bg7 7. Bc2 Ngf6 8. d4 cxd4
9. cxd4 O-O 10. h3 Qc7 11. Nc3 b5 12. a3 Bb7 13. Be3 e5 14. Rc1 exd4 15. Bxd4 Rac8
16. Re1 Ne5 17. Qe2 Nh5 18. Bxe5 dxe5 19. Bb3 Nf4 20. Qf1 Qe7 21. Rcd1 Rfd8 22. g3
Ne6 23. Nd5 Qe8 24. Qe2 h6 25. Rc1 Kh7 26. Qe3 Nd4 27. Nxd4 exd4 28. Qf3 Bxd5 29.
Bxd5 Rxc1 30. Rxc1 Rc8 31. Rxc8 Qxc8 32. Kg2 f5 33. h4 h5 34. Qd3 Qd7 35. b4 Qc8
36. exf5 Qxf5 37. Be4 Qf6 38. Qc2 Qd6 39. Kh2 Bf8 40. f4 Kg7 41. Bd3 Qe6 42. Qc7+
Be7 43. Qc2 Kh6 44. Be4 Kg7 45. Qd3 Qd6 46. Qf3 Bf6 47. f5 gxf5 48. Qxf5 Bxh4 49.
Qh3 Bg5 50. Qxh5 Qh6 51. Qxh6+ Bxh6 52. Kg2 Bc1 53. Bb7 Bxa3 54. Bxa6 Bxb4 55. Bxb5
 1/2-1/2

[Event "Summer Prague Open 2025 - A"]
[Site "Olympik hotel, Sokolovska 138, Praha"]
[Date "2025.08.09"]
[Round "2"]
[Board "6"]
[White "Giraldi, Edoardo"]
[Black "Lalic, Bogdan"]
[Result "1/2-1/2"]
[WhiteElo "2038"]
[BlackElo "2317"]
[PlyCount "0"]
[EventDate "2025.08.08"]
[EventRounds "9"]
[EventCountry "CZE"]

1. e4 e5 2. Bc4 Nf6 3. d3 c6 4. Nf3 d5 5. Bb3 a5 6. Nc3 Bb4 7. a3 Bxc3+ 8. bxc3 a4
9. Ba2 dxe4 10. Nxe5 O-O 11. d4 Qe7 12. O-O Be6 13. f3 Bxa2 14. Rxa2 Nd5 15. Rb2
Nxc3 16. Qd2 f6 17. Qxc3 fxe5 18. dxe5 exf3 19. gxf3 b5 20. f4 Qe6 21. Qg3 Na6 22.
Be3 Nc7 23. c4 Qf5 24. cxb5 cxb5 25. Rg2 Ne6 26. Qg4 Rad8 27. Qxf5 Rxf5 28. Rd2 Rdf8
29. Rdf2 Rd8 30. Rd2 Rdf8 31. Rdf2  1/2-1/2

[Event "Summer Prague Open 2025 - A"]
[Site "Olympik hotel, Sokolovska 138, Praha"]
[Date "2025.08.09"]
[Round "2"]
[Board "7"]
[White "Toman, Ondrej"]
[Black "Korniichuk, Oleksandra"]
[Result "1-0"]
[WhiteElo "2311"]
[BlackElo "2028"]
[PlyCount "0"]
[EventDate "2025.08.08"]
[EventRounds "9"]
[EventCountry "CZE"]

1. c4 e5 2. g3 g6 3. d4 exd4 4. Qxd4 Qf6 5. Qe3+ Qe6 6. Nc3 Bb4 7. Qd4 Qf6 8. Qe4+
Qe6 9. Bd2 Qxe4 10. Nxe4 Bxd2+ 11. Kxd2 d6 12. Bg2 Nc6 13. Nh3 Bxh3 14. Bxh3 f5 15.
Nc3 Nf6 16. Nd5 Nxd5 17. cxd5 Ne7 18. Rac1 Kd8 19. Bg2 Re8 20. Rc4 Ng8 21. g4 fxg4
22. Rhc1 Re7 23. Rxg4 a5 24. Rf4 Ke8 25. Rc3 Ra6 26. Rcf3 Kd8 27. Rf8+ Re8 28. R3f7
Rb6 29. Kc3 c6 30. dxc6 bxc6 31. Rxe8+ Kxe8 32. Ra7 Ne7 33. Rxa5 d5 34. a4 Rb7 35.
Ra8+ Kd7 36. a5 Kd6 37. a6 Rc7 38. Bh3 Kc5 39. Rb8 Ra7 40. Rb7  1-0

[Event "Summer Prague Open 2025 - A"]
[Site "Olympik hotel, Sokolovska 138, Praha"]
[Date "2025.08.09"]
[Round "2"]
[Board "8"]
[White "Mizicka, Matus"]
[Black "Petr, Jakub"]
[Result "0-1"]
[WhiteElo "2030"]
[BlackElo "2292"]
[PlyCount "0"]
[EventDate "2025.08.08"]
[EventRounds "9"]
[EventCountry "CZE"]

1. Nf3 Nf6 2. g3 d5 3. Bg2 Bg4 4. c4 c6 5. cxd5 cxd5 6. Nc3 Bxf3 7. Bxf3 e6 8. d4
Nc6 9. O-O Qb6 10. e3 Be7 11. Na4 Qc7 12. Bd2 h5 13. Rc1 h4 14. b4 a6 15. Qe2 Bd6
16. Kg2 Ne4 17. Bxe4 dxe4 18. Nc5 Bxc5 19. Rxc5 f5 20. a4 Qd7 21. b5 axb5 22. axb5
Ne7 23. Qc4 Nd5 24. Rc1 Kf7 25. Qf1 Ra2 26. R5c2 Rxc2 27. Rxc2 hxg3 28. hxg3 e5 29.
f3 f4 30. gxf4 Qh3+ 31. Kf2 Qxf3+  0-1

[Event "Summer Prague Open 2025 - A"]
[Site "Olympik hotel, Sokolovska 138, Praha"]
[Date "2025.08.09"]
[Round "2"]
[Board "9"]
[White "Slacky, Stanislav"]
[Black "Walek, Petr"]
[Result "0-1"]
[WhiteElo "2007"]
[BlackElo "2284"]
[PlyCount "0"]
[EventDate "2025.08.08"]
[EventRounds "9"]
[EventCountry "CZE"]

1. d4 Nf6 2. Nf3 c5 3. c3 d5 4. g3 Bf5 5. Bg2 e6 6. O-O h6 7. Ne5 Nc6 8. Qa4 Qb6
9. Be3 Be7 10. dxc5 Bxc5 11. Bxc5 Qxc5 12. Nd2 b5 13. Qf4 Nh5 14. Nb3 Qd6 15. Qf3
Nxe5 16. Qxh5 Bg4  0-1

[Event "Summer Prague Open 2025 - A"]
[Site "Olympik hotel, Sokolovska 138, Praha"]
[Date "2025.08.09"]
[Round "2"]
[Board "10"]
[White "Jun, Rudolf"]
[Black "Kiraly, Lilla Virag"]
[Result "1-0"]
[WhiteElo "2283"]
[BlackElo "1995"]
[PlyCount "0"]
[EventDate "2025.08.08"]
[EventRounds "9"]
[EventCountry "CZE"]

1. e4 c5 2. Nf3 e6 3. d4 cxd4 4. Nxd4 a6 5. c4 Nf6 6. Nc3 Qc7 7. a3 b6 8. Be3 Bb7
9. f3 Nc6 10. Be2 Ne5 11. Rc1 Ng6 12. Qd2 Be7 13. b4 O-O 14. Nb3 Rab8 15. c5 b5 16.
a4 bxa4 17. Nxa4 Bc6 18. Nb6 Bb5 19. O-O d6 20. Bxb5 axb5 21. Qe2 dxc5 22. bxc5 Nd7
23. f4 Rfd8 24. g3 Qc6 25. Bf2 Nf6 26. Rfe1 Nf8 27. Nd4 Rxd4 28. Bxd4 N8d7 29. e5
Nd5 30. Nxd5 Qxd5 31. Qe4 Qa2 32. c6 Nf8 33. c7 Rc8 34. Qb7 Qd5 35. Qxd5 exd5 36.
f5 Bb4 37. Re2 Ba5 38. Ra2 Rxc7 39. Rxc7 Bxc7 40. Ra8  1-0

[Event "Summer Prague Open 2025 - A"]
[Site "Olympik hotel, Sokolovska 138, Praha"]
[Date "2025.08.09"]
[Round "2"]
[Board "11"]
[White "Medhvansh, Madeti"]
[Black "Lever, Erwan"]
[Result "0-1"]
[WhiteElo "1991"]
[BlackElo "2226"]
[PlyCount "0"]
[EventDate "2025.08.08"]
[EventRounds "9"]
[EventCountry "CZE"]

1. e4 c5 2. Nf3 e6 3. d4 cxd4 4. Nxd4 a6 5. c4 Nf6 6. Nc3 Qc7 7. Be2 Bb4 8. Qb3 Bd6
9. Be3 O-O 10. Rd1 Nc6 11. Nxc6 dxc6 12. Bb6 Qe7 13. O-O e5 14. Qc2 Nd7 15. Na4 Nxb6
16. Nxb6 Rb8 17. a3 Bc5 18. Nxc8 Rbxc8 19. b4 Bd4 20. c5 Rcd8 21. Kh1 g6 22. Bc4
Kg7 23. f4 exf4 24. Rxf4 Be5 25. Rxd8 Qxd8 26. Rf3 Qh4 27. g3 Qg4 28. Kg2 h5 29.
Qe2 f6 30. h3 Qg5 31. Rd3 h4 32. Rd7+ Kh6 33. g4 Rh8 34. Qd2 Bf4 35. Qd4 Be3 36.
Qd6 Bc1 37. Qe7 Qf4 38. Qg7+ Kg5 39. Qxh8 Be3 40. Rd1 Qg3+ 41. Kf1 Qf2#  0-1

[Event "Summer Prague Open 2025 - A"]
[Site "Olympik hotel, Sokolovska 138, Praha"]
[Date "2025.08.09"]
[Round "2"]
[Board "12"]
[White "Brejnik, Gustav"]
[Black "Jiricek, Jakub"]
[Result "1-0"]
[WhiteElo "2220"]
[BlackElo "1986"]
[PlyCount "0"]
[EventDate "2025.08.08"]
[EventRounds "9"]
[EventCountry "CZE"]

1. d4 d5 2. c4 e6 3. Nf3 Nf6 4. g3 Be7 5. Bg2 O-O 6. O-O Nbd7 7. Qc2 b6 8. cxd5 Nxd5
9. e4 Nb4 10. Qb3 Bb7 11. a3 Na6 12. Nc3 c5 13. d5 exd5 14. exd5 Nf6 15. Rd1 Re8
16. d6 Bf8 17. Ng5 Qd7 18. Bxb7 Qxb7 19. d7 Re7 20. Nxf7 Rxf7 21. d8=Q Rxd8 22. Rxd8
Qe7 23. Rd1 Ng4 24. Bf4 g5 25. Nd5 Qe6 26. Re1 Qh6 27. h4 gxf4 28. Ne7+ Bxe7 29.
Rxe7 Qf6 30. Rxf7 Qxf7 31. Qd3 Nc7 32. Qd8+ Ne8 33. Qg5+ Qg6 34. Qxf4 Ngf6 35. Re1
Qf7 36. Re5 Kf8 37. Rf5 Kg7 38. g4 Qd7 39. Qf3 Qd4 40. g5 Ne4 41. Rf7+  1-0

[Event "Summer Prague Open 2025 - A"]
[Site "Olympik hotel, Sokolovska 138, Praha"]
[Date "2025.08.09"]
[Round "2"]
[Board "13"]
[White "Rosen, Bernd"]
[Black "Czaeczine, Paula"]
[Result "1-0"]
[WhiteElo "2181"]
[BlackElo "1984"]
[PlyCount "0"]
[EventDate "2025.08.08"]
[EventRounds "9"]
[EventCountry "CZE"]

1. c4 e6 2. g3 Nf6 3. Bg2 d5 4. Nf3 d4 5. O-O c5 6. e3 Nc6 7. exd4 cxd4 8. d3 Bd6
9. Bg5 h6 10. Bxf6 Qxf6 11. Nbd2 Qe7 12. Re1 O-O 13. Nb3 Qf6 14. Nfd2 Bb4 15. a3
Bxd2 16. Qxd2 e5 17. Nc5 b6 18. Ne4 Qg6 19. c5 Rb8 20. b4 Ne7 21. Nd6 f6 22. c6 b5
23. c7 Rb6 24. Nxc8 Rxc8 25. Rac1 Qf5 26. Rc5 Qd7 27. Rec1 Kh8 28. Qe2 Qe6 29. f4
Nf5 30. Qg4 Kh7 31. fxe5 fxe5 32. Qe4 g6 33. Rxe5 Qf7 34. g4 Nd6 35. Re7 Nxe4 36.
Rxf7+ Kg8 37. Rd7 Nd6 38. Rxd6 Rxd6 39. Bb7 Re8 40. c8=Q  1-0

[Event "Summer Prague Open 2025 - A"]
[Site "Olympik hotel, Sokolovska 138, Praha"]
[Date "2025.08.09"]
[Round "2"]
[Board "14"]
[White "Hill, Andy"]
[Black "Mannion, Stephen R"]
[Result "1-0"]
[WhiteElo "1989"]
[BlackElo "2179"]
[PlyCount "0"]
[EventDate "2025.08.08"]
[EventRounds "9"]
[EventCountry "CZE"]

1. Nf3 d5 2. d4 Nf6 3. e3 c5 4. dxc5 e6 5. b4 a5 6. c3 axb4 7. cxb4 b6 8. Bb5+ Bd7
9. Bxd7+ Nbxd7 10. a4 bxc5 11. b5 Qc7 12. O-O Bd6 13. h3 O-O 14. Nbd2 c4 15. Qc2
Nc5 16. Bb2 e5 17. Rfb1 Nd3 18. Bc3 e4 19. b6 Qd7 20. Nd4 g5 21. Nf1 Nh5 22. Qe2
Ng7 23. a5 Nc5 24. Qg4 f5 25. Qxg5 Be7 26. Qg3 Bd6 27. f4 Rf6 28. Qe1 Rg6 29. Qd1
Na6 30. Nb5 Bc5 31. Bd4 Ne6 32. Be5 Rd8 33. Nd4 Nxd4 34. exd4 Bb4 35. Kf2 c3 36.
Qb3 Rc8 37. Ne3 Rd8 38. Ra4 Rc6 39. Rxb4 Nxb4 40. Qxb4 Qb7 41. Qb5 c2 42. Rc1 Rc3
43. a6 Qe7 44. Rxc2 Qh4+ 45. g3 Rxc2+ 46. Nxc2 Qxh3 47. Qf1 Qh2+ 48. Qg2 Qh6 49.
Bc7 Re8 50. Ne3 Qf6 51. Qf1 Qxd4 52. Qd1 Qb2+ 53. Qe2 Qc1 54. Nxf5 Qc5+ 55. Kg2 Re6
56. a7 Qc6 57. Qg4+ Kf7 58. Qg7+ Ke8 59. Qg8+ Kd7 60. Qd8#  1-0

[Event "Summer Prague Open 2025 - A"]
[Site "Olympik hotel, Sokolovska 138, Praha"]
[Date "2025.08.09"]
[Round "2"]
[Board "15"]
[White "Botea, David-Alexandru"]
[Black "Rohfleisch, Daniel"]
[Result "1-0"]
[WhiteElo "2166"]
[BlackElo "1975"]
[PlyCount "0"]
[EventDate "2025.08.08"]
[EventRounds "9"]
[EventCountry "CZE"]

1. e4 e5 2. Nf3 Nf6 3. Nxe5 d6 4. Nf3 Nxe4 5. d4 d5 6. Bd3 Bd6 7. O-O O-O 8. c4 c6
9. Nc3 Nxc3 10. bxc3 dxc4 11. Bxc4 Bg4 12. h3 Bh5 13. Rb1 Qc7 14. Bd3 Bg6 15. Bxg6
hxg6 16. c4 b6 17. Ng5 Bf4 18. Qf3 Bxc1 19. Rbxc1 Nd7 20. Rfe1 Nf6 21. Ne4 Nxe4 22.
Rxe4 Rfe8 23. Rce1 Qd7 24. R1e3 Rad8 25. Qe2 Rxe4 26. Rxe4 b5 27. cxb5 cxb5 28. Qe3
Qd5 29. a3 a5 30. Re5 Qxd4 31. Qxd4 Rxd4 32. Rxb5 a4 33. Ra5 Rd1+ 34. Kh2 Rd4 35.
g3 g5 36. Kg2 Kh7 37. Kf1 Kg6 38. Ke2 f5 39. Ke3 Re4+ 40. Kd3 g4 41. Ra6+ Kf7 42.
h4 Ke7 43. Rb6 Re1 44. Rb4 Rf1 45. Ke3 Rc1 46. Kf4 Rc3 47. Kxf5 Rxa3 48. Kg6 Ra2
49. Kxg7 a3 50. Ra4 Rxf2 51. Rxa3 Rf3 52. Ra7+ Ke8 53. h5 Rxg3 54. h6  1-0

[Event "Summer Prague Open 2025 - A"]
[Site "Olympik hotel, Sokolovska 138, Praha"]
[Date "2025.08.09"]
[Round "2"]
[Board "16"]
[White "Smilek, Petr"]
[Black "Domanskiy, Mykola"]
[Result "0-1"]
[WhiteElo "1980"]
[BlackElo "2166"]
[PlyCount "0"]
[EventDate "2025.08.08"]
[EventRounds "9"]
[EventCountry "CZE"]

1. e4 c5 2. c4 Nc6 3. Nc3 g6 4. g3 Bg7 5. Bg2 d6 6. Nge2 h5 7. h4 Nf6 8. O-O O-O
9. d3 a6 10. a4 Rb8 11. Bg5 Nh7 12. Be3 Nd4 13. Rb1 Bg4 14. f3 Bd7 15. b4 Nxe2+ 16.
Nxe2 cxb4 17. Rxb4 b5 18. axb5 axb5 19. c5 dxc5 20. Bxc5 Qc7 21. Bf2 Rfc8 22. Qb1
e5 23. Rc1 Qa5 24. Rxc8+ Rxc8 25. d4 Bf8 26. Rb2 Ba3 27. Rc2 b4 28. Rxc8+ Bxc8 29.
Qc2 Ba6 30. Nc1 Bxc1 31. Qxc1 b3 32. dxe5 Qxe5 33. f4 b2 34. Qd1 Qb8  0-1

[Event "Summer Prague Open 2025 - A"]
[Site "Olympik hotel, Sokolovska 138, Praha"]
[Date "2025.08.09"]
[Round "2"]
[Board "17"]
[White "Zvolensky, David"]
[Black "Nilsson, Patrik 1968"]
[Result "1-0"]
[WhiteElo "2154"]
[BlackElo "1967"]
[PlyCount "0"]
[EventDate "2025.08.08"]
[EventRounds "9"]
[EventCountry "CZE"]

1. d4 d6 2. Nf3 Nf6 3. g3 g6 4. Bg2 Bg7 5. O-O O-O 6. c4 c6 7. Nc3 Qa5 8. Qc2 Qh5
9. Rd1 Bh3 10. Bh1 Nbd7 11. Ng5 Ng4 12. f3 Nxh2 13. e4 Nf1 14. g4 Bxg4 15. fxg4 Qxg4+
16. Kxf1 f5 17. Qg2 fxe4+ 18. Kg1 Qh4 19. Be3 Rf5 20. Ncxe4 d5 21. Qg3 Qh5 22. Rd2
dxe4 23. Bxe4 Raf8 24. Bxf5 Rxf5 25. Rh2 Rxg5 26. Qxg5 Qxg5+ 27. Bxg5 Bxd4+ 28. Kf1
 1-0

[Event "Summer Prague Open 2025 - A"]
[Site "Olympik hotel, Sokolovska 138, Praha"]
[Date "2025.08.09"]
[Round "2"]
[Board "18"]
[White "Turkova, Karolina"]
[Black "Lihotsky, Lukas"]
[Result "0-1"]
[WhiteElo "1978"]
[BlackElo "2153"]
[PlyCount "0"]
[EventDate "2025.08.08"]
[EventRounds "9"]
[EventCountry "CZE"]

1. e4 c6 2. d4 d5 3. e5 Bf5 4. Nf3 e6 5. Be2 c5 6. Be3 cxd4 7. Nxd4 Ne7 8. O-O Nbc6
9. Nxc6 Nxc6 10. Bb5 a6 11. Bxc6+ bxc6 12. c4 Qd7 13. Nc3 Rd8 14. cxd5 cxd5 15. Bb6
Rb8 16. Qd4 Be7 17. Rac1 O-O 18. Na4 Rfc8 19. Bc5 Bxc5 20. Nxc5 Qb5 21. b3 h6 22.
h3 a5 23. Na4 Qa6 24. Rc3 Rxc3 25. Nxc3 Rb4 26. Qc5 d4 27. Na4 d3 28. Rd1 Rb8 29.
Nb2 Rd8 30. Nc4 Rd5 31. Qe7 Bg6 32. Qe8+ Kh7 33. Qb8 Qb5 34. Qf8 Qb4 35. Qc8 a4 36.
Nd2 Rc5 37. Qf8 Qc3 38. Nc4 Rxc4 39. bxc4 Qc2 40. Ra1 d2 41. c5 Qc1+ 42. Rxc1 dxc1=Q+
43. Kh2 Qf4+ 44. Kg1 Qxe5 45. c6 Qe1+ 46. Kh2 Qxf2 47. Qb4 Qc2  0-1

[Event "Summer Prague Open 2025 - A"]
[Site "Olympik hotel, Sokolovska 138, Praha"]
[Date "2025.08.09"]
[Round "2"]
[Board "19"]
[White "Mylonas, Konstantinos"]
[Black "Flasik, Radoslav"]
[Result "1-0"]
[WhiteElo "1974"]
[BlackElo "2143"]
[PlyCount "0"]
[EventDate "2025.08.08"]
[EventRounds "9"]
[EventCountry "CZE"]

1. b3 d5 2. Bb2 e6 3. Nf3 Nf6 4. e3 b6 5. c4 Bb7 6. Nc3 Nbd7 7. cxd5 exd5 8. d4 a6
9. Be2 Bd6 10. O-O O-O 11. Rc1 Qe7 12. Qc2 Rfe8 13. Bd3 Ne4 14. Ne2 Rac8 15. Ng3
g6 16. Rfd1 h5 17. Nf1 Ndf6 18. h3 g5 19. Ne5 g4 20. Bxe4 dxe4 21. hxg4 Nxg4 22.
Nxg4 hxg4 23. d5 Qh4 24. Ng3 a5 25. Qc4 Ra8 26. Qd4 Be5 27. Qd2 Rad8 28. Bxe5 Rxe5
29. Qc3 Qe7 30. Qxc7 Qxc7 31. Rxc7 Rexd5 32. Rxd5 Bxd5 33. Nf5 a4 34. Nd4 axb3 35.
axb3 Kg7 36. Kh2 Kg6 37. Kg3 Kg5 38. b4 Rd6 39. Rc8 f5 40. b5 Rf6 41. Re8 Bc4 42.
Re5 Ba2 43. Re7 Bf7 44. Rc7 Be8 45. Rg7+ Bg6 46. Rg8 Rd6 47. Rc8 f4+ 48. exf4+ Kh6
49. Rc6 Rxd4 50. f5 Kg5 51. fxg6 Rd3+ 52. Kh2 g3+ 53. fxg3 Kh6 54. Rxb6 Rb3 55. g4
Kg7 56. g5 e3 57. Kg3 e2+ 58. Kf2 Re3 59. Ke1 Re5 60. g3 Re4 61. Rc6 Rb4 62. b6 Rb2
63. Re6 Kg8 64. Kf2 Kg7 65. Rc6 Kf8 66. Rc8+ Kg7 67. Rb8 Kxg6 68. b7 Kh7 69. g6+
Kg7 70. Ke1 Rb6 71. Kxe2 Rb2+ 72. Kd3 Rb3+ 73. Kc4 Rb1 74. Kd5 Rb5+ 75. Kc6 Rb1 76.
Rc8 Rc1+ 77. Kd5 Rd1+ 78. Ke4 Re1+ 79. Kf3  1-0

[Event "Summer Prague Open 2025 - A"]
[Site "Olympik hotel, Sokolovska 138, Praha"]
[Date "2025.08.09"]
[Round "2"]
[Board "20"]
[White "Moser, Axel"]
[Black "Christiansen, Arne"]
[Result "1-0"]
[WhiteElo "2137"]
[BlackElo "1963"]
[PlyCount "0"]
[EventDate "2025.08.08"]
[EventRounds "9"]
[EventCountry "CZE"]

1. d4 Nf6 2. Nf3 g6 3. c4 Bg7 4. g3 O-O 5. Bg2 d6 6. Nc3 Nc6 7. O-O a6 8. e3 Rb8
9. Qe2 Bg4 10. h3 Bxf3 11. Qxf3 e5 12. Rd1 Nd7 13. dxe5 Ncxe5 14. Qe2 Qc8 15. Bd2
Nf6 16. Rac1 Re8 17. e4 Ned7 18. b4 Nf8 19. Qd3 Qd8 20. Be3 N8d7 21. f4 Re7 22. c5
Bf8 23. g4 Re8 24. cxd6 cxd6 25. g5 Nh5 26. Nd5 Rc8 27. Rxc8 Qxc8 28. Rc1 Qb8 29.
Rc7 Rd8 30. Bf3  1-0

[Event "Summer Prague Open 2025 - A"]
[Site "Olympik hotel, Sokolovska 138, Praha"]
[Date "2025.08.09"]
[Round "2"]
[Board "21"]
[White "Pick, Stepan"]
[Black "Wagner, Julian"]
[Result "0-1"]
[WhiteElo "1961"]
[BlackElo "2134"]
[PlyCount "0"]
[EventDate "2025.08.08"]
[EventRounds "9"]
[EventCountry "CZE"]

1. c4 Nc6 2. Nc3 e5 3. g3 f5 4. Bg2 Nf6 5. e3 d5 6. cxd5 Nb4 7. d3 Nbxd5 8. Nge2
c6 9. O-O Be6 10. e4 Nxc3 11. Nxc3 fxe4 12. Nxe4 Qd7 13. Qc2 Nxe4 14. dxe4 Be7 15.
Rd1 Qc7 16. Be3 O-O 17. a3 c5 18. Rac1 c4 19. Qe2 b5 20. Bf3 Rfd8 21. Bg4 Bf7 22.
Bh5 g6 23. Bg4 a5 24. f4 b4 25. axb4 axb4 26. Rxd8+ Rxd8 27. fxe5 Qxe5 28. Bf4 Bc5+
29. Kh1 Qd4 30. Rd1 Qxd1+ 31. Qxd1 Rxd1+ 32. Bxd1 Bd4 33. Bc1 b3  0-1

[Event "Summer Prague Open 2025 - A"]
[Site "Olympik hotel, Sokolovska 138, Praha"]
[Date "2025.08.09"]
[Round "2"]
[Board "22"]
[White "Davidek, Zdenek"]
[Black "Rajnys, Vladimir"]
[Result "1-0"]
[WhiteElo "2122"]
[BlackElo "1961"]
[PlyCount "0"]
[EventDate "2025.08.08"]
[EventRounds "9"]
[EventCountry "CZE"]

1. e4 c5 2. Nf3 d6 3. c3 Nf6 4. h3 Bd7 5. Bd3 Bc6 6. Qe2 e6 7. Bc2 Be7 8. O-O a6
9. a4 b6 10. d4 d5 11. e5 Nfd7 12. Re1 Bb7 13. Bf4 Nc6 14. Nbd2 cxd4 15. Nxd4 Nxd4
16. cxd4 Nb8 17. Qg4 g6 18. Bh6 Nc6 19. Nf3 Qd7 20. Ng5 O-O-O 21. Nxf7 Bf8 22. Nxd8
Bxh6 23. Nxc6 Bxc6 24. Bd3 Kb7 25. Qe2 a5 26. b4 axb4 27. a5 b5 28. a6+ Ka7 29. Qc2
Rb8 30. Qc5+ Rb6 31. Qxb4 Bg5 32. Re2 Qe7 33. Qb3 Qe8 34. Rc2 Bd8 35. g3 h5 36. Bxg6
 1-0